World up captains - Statistics

General Stats
  • This quiz has been taken 7 times
  • The average score is 19 of 40
Answer Stats
Hint Answer % Correct
1974 West Germany Beckenbauer
100%
2010 Spain Casillas
100%
2014 Germany Lahm
100%
2006 France Zidane
100%
2006 Italy Cannavaro
80%
1974 Holland Cruyff
80%
1986 Argentina Maradona
80%
1990 Argentina Maradona
80%
2014 Argentina Messi
80%
1966 England Moore
80%
1954 Hungary Puskas
80%
1994 Italy Baresi
60%
2002 Brazil Cafu
60%
1998 France Deschamps
60%
1994 Brazil Dunga
60%
1998 Brazil Dunga
60%
2002 Germany Kahn
60%
1982 West Germany Rummenigge
60%
1986 West Germany Rummenigge
60%
1982 Italy Zoff
60%
1990 West Germany Matthaus
40%
1978 Argentina Passarella
40%
1966 West Germany Seeler
40%
2010 Netherlands Van Bronkhorst
40%
1954 West Germany Walter
40%
1950 Brazil Augusto
20%
1958 Brazil Bellini
20%
1970 Brazil Carlos Alberto
20%
1934 Italy Combi
20%
1930 Italy Ferreira
20%
1978 Holland Krol
20%
1958 Sweden Liedholm
20%
1938 Italy Meazza
20%
1930 Uruguay Nasazzi
20%
1938 France Sarosi
20%
1950 Uruguay Varela
20%
1970 Italy Faccheti
0%
1962 Czechoslovakia Masopust
0%
1962 Brazil Mauro
0%
1934 Czechoslovakia Planinka
0%
No matching quizzes found
Score Distribution
Percent of People with Each Score
Percentile by Number Answered
Your Score History
You have not taken this quiz